Kaart van Azië Quiz - Statistieken

Algemene statistieken
  • Deze quiz is 3.649 keer genomen
  • De gemiddelde score is 36 van 48
Antwoorden op de kaart
Antwoorden kleurgecodeerd door een groen-rode schaal op de quizkaart volgens % correct hieronder.
 
Antwoordstatistieken
Antwoord % Correct
China
97%
Japan
93%
Mongolië
93%
Zuid-Korea
93%
Noord-Korea
92%
Indonesië
91%
India
88%
Filipijnen
86%
Taiwan
83%
Saoedi-Arabië
82%
Sri Lanka
81%
Turkije
81%
Cyprus
80%
Nepal
79%
Malediven
78%
Maleisië
78%
Irak
77%
Kazachstan
77%
Vietnam
77%
Bangladesh
76%
Oman
76%
Pakistan
76%
Thailand
76%
Afghanistan
75%
Israël
75%
Singapore
75%
Verenigde Arabische
Emiraten
75%
Laos
74%
Myanmar
74%
Cambodja
73%
Iran
73%
Jemen
73%
Oost-Timor
71%
Syrië
71%
Bhutan
70%
Jordanië
69%
Koeweit
69%
Libanon
69%
Azerbeidzjan
68%
Qatar
68%
Brunei
67%
Armenië
66%
Oezbekistan
65%
Bahrein
63%
Georgië
63%
Kirgizië
62%
Tadzjikistan
59%
Turkmenistan
59%
Geen overeenkomende quizzen gevonden
Scoreverdeling
Procent van Mensen met Elke Score
Percentiel versus Aantal Correcte Antwoorden
Uw Scoregeschiedenis
U heeft deze quiz nog niet genomen